Alle JBB Teilnehmer - Statistiken

Allgemein
  • Dieses Quiz wurde 227 mal gespielt
  • Das Durchschnittsergebnis liegt bei 41 aus 68
Antwortstatistiken
Hint Antwort % Korrekt
2013 Gio
99%
2013 SpongeBOZZ
98%
2012 Der Asiate
92%
2014 EnteTainment
90%
2012 4tune
89%
2013 GReeeN
88%
2015 Timatic
85%
2014 Aytee
84%
2014 Laskah
84%
2015 Neo
84%
2014 Casa
83%
2013 Cashisclay
83%
2015 Johnny Diggson
83%
2012 AHMED
81%
2015 JAY JIGGY
78%
2014 Gary Washington
77%
2012 EmGi
75%
2013 Punch Arogunz
75%
2018 Grinch Hill
73%
2018 Herr Kuchen
73%
2015 Canakan
71%
2014 Diverse
71%
2013 Winin
71%
2015 FEAR
70%
2015 Rapido
67%
2014 Das K-Element
66%
2015 Jaspa
66%
2014 Perplexx23
66%
2013 Chosen
64%
2018 David Nine
64%
2012 T-Jey
64%
2015 Scenzah
63%
2018 Sly
62%
2015 BenZon
61%
2018 Clash Parker
61%
2014 Vocal
61%
2015 Weima
61%
2015 MaddusT
56%
2018 Zeptah
56%
2018 Big Jigga J
54%
2012 Kico
54%
2018 Krickz
54%
2014 Teylan
54%
2018 Aylien
53%
2018 Gotcha
53%
2015 RohlexXx
53%
2014 Smeils
53%
2018 Dryno
52%
2012 LaChrizz
51%
2014 Kynda Gray
49%
2018 Nairo
44%
2018 Psycrow
44%
2012 Kayayin
42%
2018 Richjer
40%
2018 Big Jigga Julez
38%
2018 Michael Rape
37%
2018 Ti Music
37%
2018 J.Differänt
36%
2018 Pac Pacino
36%
2018 Amigo
34%
2018 MêRXAS
34%
2018 Nevez
34%
2018 Arbek
33%
2018 Shikar
33%
2018 Stayzee B
33%
2018 Illlegal
31%
2018 Nugu Buyeng
31%
2018 Secref
26%
Keine übereinstimmenden Quizze gefunden
Verteilung der Resultate
Anzahl Personen mit jedem Resultat
Perzentil nach korrekt beantworteten Fragen
Ihre Resultats-Entwicklung
Sie haben dieses Quiz noch nicht gespielt